000 00554nam a2200217Ia 4500
005 20240404150103.0
008 131103s9999 xx 000 0 und d
020 _a9788131606278
_c275.00
040 _aLoreto College
041 _aEnglish
082 _a301.0954
_bAHU
100 _aAhuja,Ram
245 _aSocial Problems In India
_cRam Ahuja
250 _a3rd ed
260 _aJaipur
_bRawat Publications
_c2014
300 _axvi,576p
_b22cm
504 _aIncludes index
650 _aSocial problems - India
850 _aLCBED
942 _cBK
999 _c40117
_d90596